| 000 | 01033pam a2200277 a 4500 | ||
|---|---|---|---|
| 999 |
_c330395 _d330395 |
||
| 001 | 4890201 | ||
| 003 | NUST | ||
| 005 | 20170705113851.0 | ||
| 008 | 931104s1994 nyuab b 001 0 eng | ||
| 010 | _a 93044912 | ||
| 020 | _a0673523004 | ||
| 040 |
_aDLC _cDLC _dDLC |
||
| 050 | 0 | 0 |
_aHF1359 _b.K78 1994 |
| 082 | 0 | 0 |
_a337 _220 |
| 100 | 1 |
_aKrugman, Paul R. _93155 |
|
| 245 | 1 | 0 |
_aInternational economics : _btheory and policy / _cPaul R. Krugman, Maurice Obstfeld. |
| 250 | _a3rd ed. | ||
| 260 |
_aNew York : _bHarperCollins College Publishers, _cc1994. |
||
| 300 |
_axxix, 795 p. : _bill. (some col.), col. maps ; _c25 cm. |
||
| 504 | _aIncludes bibliographical references and index. | ||
| 650 | 0 |
_aInternational economic relations. _9539 |
|
| 650 | 0 |
_aInternational finance. _93156 |
|
| 700 | 1 |
_aObstfeld, Maurice. _93157 |
|
| 906 |
_a7 _bcbc _corignew _d1 _eocip _f19 _gy-gencatlg |
||
| 942 |
_2ddc _cBK |
||